Estatísticas para Cidades

Clique aqui para jogar o quiz

Estatísticas Gerais

  • Esse quiz foi jogado 53 vezes
  • A pontuação média é 10 de 15

Estatísticas das Respostas

Resposta% Correto
Londres
98%
Rio de Janeiro
98%
Paris
94%
Amesterdão
90%
Tóquio
88%
Dubai
79%
Washington D.C
79%
Lisboa
71%
Havana
58%
Jerusalém
50%
Milão
48%
Bruxelas
38%
Toronto
35%
Cairo
29%
Copenhaga
21%

Distribuição das Pontuações

Percentil de Números Respondidos

Porcentagem de Pessoas com Cada Pontuação

Sua Pontuação Histórica

Você não jogou esse quiz